[Event "DSOL 05 Liga Final 1st"]
[Site "Playchess.com INT"]
[Date "2020.08.28"]
[Round "1.2"]
[White "Kalley, Felix"]
[Black "Stalz, Manfred"]
[Result "1/2-1/2"]
[WhiteElo "1814"]
[BlackElo "1720"]
[PlyCount "66"]
[EventDate "2020.06.22"]
[EventType "team-k.o. (rapid)"]
[EventCountry "GER"]
[SourceTitle "EXT 2021"]
[Source "ChessBase"]
[SourceDate "2020.10.23"]
[SourceVersion "1"]
[SourceVersionDate "2020.10.23"]
[SourceQuality "1"]
[WhiteTeam "Burglengenfeld"]
[BlackTeam "Billerbeck Tuerme"]
[WhiteTeamCountry "GER"]
[BlackTeamCountry "GER"]

1. e4 e6 2. d4 d5 3. Nc3 Bb4 4. e5 c5 5. a3 cxd4 6. axb4 dxc3 7. bxc3 Qc7 8. Qd4 Nd7 9. f4 Ne7 10. Bd2 0-0 11. Nf3 f6 12. exf6 Nxf6 13. Bd3 Nc6 14. Qe3 Ng4 15. Qe2 e5 16. fxe5 Ncxe5 17. Nxe5 Nxe5 18. Rf1 Bg4 19. Rxf8+ Rxf8 20. Qe3 Nxd3+ 21. Qxd3 Qe5+ 22. Be3 Rc8 23. Kd2 Rc4 24. Rf1 Re4 25. h3 Be6 26. Rf2 a6 27. Bc5 Qg5+ 28. Be3 Qe5 29. Re2 Bd7 30. Bd4 Qg5+ 31. Be3 Qe5 32. Bd4 Qg5+ 33. Be3 Qe5 1/2-1/2

[Event "Nittenau-ch 13th"]
[Site "Nittenau"]
[Date "2013.09.15"]
[Round "5"]
[White "Kalley, Felix"]
[Black "Dechant, Max"]
[Result "1-0"]
[WhiteElo "1857"]
[BlackElo "1510"]
[PlyCount "47"]
[EventDate "2013.09.13"]
[EventType "swiss"]
[EventRounds "5"]
[EventCountry "GER"]
[SourceTitle "EXT 2022"]
[Source "ChessBase"]
[SourceDate "2021.10.06"]
[SourceVersion "1"]
[SourceVersionDate "2021.10.06"]
[SourceQuality "1"]

1. e4 c5 2. Nf3 Nc6 3. d4 cxd4 4. Nxd4 Qc7 5. c4 e6 6. Nc3 a6 7. Be3 Nf6 8. Be2 Bb4 9. f3 Ne5 10. Qb3 Bd6 11. Bf2 Ng6 12. g3 0-0 13. 0-0 Kh8 14. Qd1 Bb4 15. Rc1 Ne5 16. a3 Be7 17. Nb1 b6 18. b4 Bb7 19. Nb3 Rfd8 20. Qd4 Bxe4 21. fxe4 Qc6 22. Qxe5 d6 23. Qd4 e5 24. Qd3 1-0

[Event "Nittenau-ch 13th"]
[Site "Nittenau"]
[Date "2013.09.14"]
[Round "2"]
[White "Hacker, Jonas"]
[Black "Kalley, Felix"]
[Result "1/2-1/2"]
[WhiteElo "2170"]
[BlackElo "1857"]
[PlyCount "118"]
[EventDate "2013.09.13"]
[EventType "swiss"]
[EventRounds "5"]
[EventCountry "GER"]
[SourceTitle "EXT 2022"]
[Source "ChessBase"]
[SourceDate "2021.10.06"]
[SourceVersion "1"]
[SourceVersionDate "2021.10.06"]
[SourceQuality "1"]

1. e4 e5 2. Nf3 Nc6 3. Bb5 Nf6 4. d3 Bc5 5. c3 0-0 6. h3 d5 7. Nbd2 dxe4 8. dxe4 Qd6 9. 0-0 Be6 10. Qc2 Rad8 11. b4 Bb6 12. Nc4 Bxc4 13. Bxc4 Rfe8 14. a4 a5 15. b5 Nb8 16. Ng5 Rf8 17. Qb3 Rd7 18. Ba3 Bc5 19. Rad1 Bxa3 20. Rxd6 Bxd6 21. Re1 b6 22. Kh1 h6 23. Nf3 Rdd8 24. Nh4 Bc5 25. Ng6 Bxf2 26. Re2 Bc5 27. Nxf8 Rxf8 28. Kh2 Nbd7 29. Bd5 Bd6 30. Bc6 Nc5 31. Qc2 Be7 32. Rf2 Nh7 33. g3 Bd6 34. Kg2 Be7 35. Rf5 Bd6 36. h4 Nf6 37. Kh3 Nh7 38. Rf1 g6 39. Rf3 Kg7 40. Rf1 Nf6 41. g4 Nh7 42. Kg3 Be7 43. Rf3 Nf6 44. Kh3 Nh7 45. Bd5 Nf6 46. c4 Nh7 47. Kg3 Nf6 48. Kh3 Nh7 49. Qf2 Nf6 50. Qb2 Bd6 51. Qc2 Be7 52. Rf2 Bd6 53. h5 Nh7 54. hxg6 Ng5+ 55. Kg2 fxg6 56. Rxf8 Bxf8 57. Kg3 Bd6 58. Kf2 Be7 59. Ke3 Bd6 1/2-1/2

[Event "Nittenau-ch 12th"]
[Site "Nittenau"]
[Date "2012.09.14"]
[Round "1"]
[White "Kalley, Felix"]
[Black "Fuhrmann, Max"]
[Result "0-1"]
[WhiteElo "1751"]
[BlackElo "2096"]
[PlyCount "92"]
[EventDate "2012.09.14"]
[EventType "swiss"]
[EventRounds "5"]
[EventCountry "GER"]
[SourceTitle "EXT 2022"]
[Source "ChessBase"]
[SourceDate "2021.10.06"]
[SourceVersion "1"]
[SourceVersionDate "2021.10.06"]
[SourceQuality "1"]

1. e4 c6 2. d4 d5 3. Nc3 g6 4. Nf3 Bg7 5. Be2 Bg4 6. Be3 Nf6 7. h3 Bd7 8. Bd3 dxe4 9. Nxe4 Nxe4 10. Bxe4 Bf5 11. Bxf5 Qa5+ 12. Qd2 Qxf5 13. 0-0 0-0 14. Bh6 Nd7 15. Bxg7 Kxg7 16. Qb4 Nf6 17. Qxb7 Rab8 18. Qxa7 Rxb2 19. Qxe7 Re8 20. Qc7 Nd5 21. Qxc6 Re2 22. c4 Ne3 23. Qd6 Nxf1 24. Rxf1 Qc2 25. c5 h6 26. Qg3 Rxa2 27. Ne5 Qf5 28. Nf3 Rac2 29. Qd6 Re6 30. Qg3 Rc3 31. Rd1 Qc2 32. Rf1 Rf6 33. Qe5 g5 34. Re1 Qd3 35. Qe4 Qc4 36. Qe5 Rc2 37. Rf1 Re2 38. Qg3 Rf4 39. Rd1 Qc2 40. Rf1 Qf5 41. Rd1 f6 42. Rf1 Kg6 43. Rd1 h5 44. Rd2 Rxf3 45. Rxe2 Rxg3 46. fxg3 Qd3 0-1

[Event "GER-ch Net qual3 U25"]
[Site "Playchess.com INT"]
[Date "2011.05.08"]
[Round "7"]
[White "Kalley, Felix"]
[Black "Hoefelsauer, Thomas"]
[Result "1-0"]
[WhiteElo "1511"]
[BlackElo "2174"]
[PlyCount "115"]
[EventDate "2011.05.08"]
[EventType "swiss (blitz)"]
[EventRounds "7"]
[EventCountry "GER"]
[SourceTitle "CBM 142 Extra"]
[Source "ChessBase"]
[SourceDate "2011.06.27"]
[SourceVersion "1"]
[SourceVersionDate "2011.06.27"]
[SourceQuality "1"]

1. e4 c6 2. d4 d5 3. Nc3 dxe4 4. Nxe4 Bf5 5. Ng3 Bg6 6. Nf3 Nd7 7. Bc4 e6 8. 0-0 Ngf6 9. Bg5 Qc7 10. Re1 0-0-0 11. c3 h6 12. Be3 Bd6 13. a4 h5 14. b4 h4 15. Nf1 Bh5 16. Be2 Nd5 17. Bd2 Nf4 18. c4 Nxe2+ 19. Qxe2 Nf6 20. c5 Bf4 21. Qc4 Bxf3 22. gxf3 Nd5 23. b5 Qe7 24. Bxf4 Nxf4 25. Ne3 Qg5+ 26. Kf1 Rh6 27. Reb1 Rg6 28. Ke1 Qg1+ 29. Kd2 Qxf2+ 30. Kc3 Qxe3+ 31. Kb4 Nd5+ 32. Ka5 b6+ 33. cxb6 axb6+ 34. Ka6 Qc3 35. Qxc3 Nxc3 36. Rc1 Kc7 37. Ka7 Rxd4 38. Rxc3 c5 39. a5 bxa5 40. Rxc5+ Kd6 41. Rc6+ Kd7 42. Rxa5 Rg5 43. Rb6 f6 44. Rb7+ Kd6 45. Ra6+ Kd5 46. Rd7+ Ke5 47. Rxd4 Kxd4 48. b6 Rb5 49. b7 e5 50. Rb6 Ra5+ 51. Kb8 f5 52. Kc7 Rc5+ 53. Kd7 Rd5+ 54. Ke7 e4 55. b8Q Ke3 56. fxe4 Rd3 57. exf5 h3 58. Rb3 1-0

[Event "GER-ch Net qual3 U25"]
[Site "Playchess.com INT"]
[Date "2011.05.08"]
[Round "4"]
[White "Kalley, Felix"]
[Black "Schnoor, Ekkehard"]
[Result "1-0"]
[WhiteElo "1511"]
[BlackElo "1856"]
[PlyCount "57"]
[EventDate "2011.05.08"]
[EventType "swiss (blitz)"]
[EventRounds "7"]
[EventCountry "GER"]
[SourceTitle "CBM 142 Extra"]
[Source "ChessBase"]
[SourceDate "2011.06.27"]
[SourceVersion "1"]
[SourceVersionDate "2011.06.27"]
[SourceQuality "1"]

1. e4 e5 2. Nf3 Nc6 3. Bc4 Bc5 4. c3 Nf6 5. d4 exd4 6. cxd4 Bb4+ 7. Bd2 Bxd2+ 8. Nbxd2 d5 9. exd5 Nxd5 10. Qb3 Nce7 11. 0-0 0-0 12. Rfe1 c6 13. a4 a5 14. Ne5 Qd6 15. Ne4 Qb4 16. Nc5 b6 17. Qxb4 axb4 18. Ncd3 Be6 19. Bxd5 Bxd5 20. Nxb4 f6 21. Nxd5 cxd5 22. Nd7 Rfe8 23. Nxb6 Rab8 24. a5 Kf7 25. b4 Nc6 26. Rxe8 Kxe8 27. Nxd5 Nxd4 28. a6 Nb5 29. a7 1-0

[Event "GER-ch Net qual3 U25"]
[Site "Playchess.com INT"]
[Date "2011.05.08"]
[Round "5"]
[White "Philipp, Michael"]
[Black "Kalley, Felix"]
[Result "1-0"]
[WhiteElo "1889"]
[BlackElo "1511"]
[PlyCount "61"]
[EventDate "2011.05.08"]
[EventType "swiss (blitz)"]
[EventRounds "7"]
[EventCountry "GER"]
[SourceTitle "CBM 142 Extra"]
[Source "ChessBase"]
[SourceDate "2011.06.27"]
[SourceVersion "1"]
[SourceVersionDate "2011.06.27"]
[SourceQuality "1"]

1. e4 e5 2. Nf3 Nc6 3. d4 exd4 4. Nxd4 Nf6 5. Nxc6 bxc6 6. e5 Nd5 7. Bc4 Nb6 8. Bb3 d5 9. 0-0 Bc5 10. Bf4 0-0 11. Nd2 a5 12. c3 Ba6 13. Re1 a4 14. Bc2 Re8 15. Qh5 g6 16. Qg4 Bc8 17. Qg3 Be7 18. Nf3 Be6 19. h4 Bf8 20. h5 Bg7 21. h6 Bh8 22. Nd4 Qd7 23. Bg5 c5 24. Nxe6 Qxe6 25. f4 Nc4 26. f5 Qd7 27. Bf4 Nxe5 28. Bxe5 Bxe5 29. Rxe5 Rxe5 30. Qxe5 Re8 31. Qg7# 1-0

[Event "GER-ch Net qual3 U25"]
[Site "Playchess.com INT"]
[Date "2011.05.08"]
[Round "3"]
[White "Schneider, Christian"]
[Black "Kalley, Felix"]
[Result "1-0"]
[WhiteElo "2265"]
[BlackElo "1511"]
[PlyCount "39"]
[EventDate "2011.05.08"]
[EventType "swiss (blitz)"]
[EventRounds "7"]
[EventCountry "GER"]
[SourceTitle "CBM 142 Extra"]
[Source "ChessBase"]
[SourceDate "2011.06.27"]
[SourceVersion "1"]
[SourceVersionDate "2011.06.27"]
[SourceQuality "1"]

1. e4 e5 2. Bc4 Nf6 3. d3 Bc5 4. Nf3 d6 5. c3 Nc6 6. Bb3 Be6 7. Nbd2 Qd7 8. 0-0 0-0-0 9. Re1 Nh5 10. Nf1 Nf4 11. d4 exd4 12. Bxf4 dxc3 13. bxc3 h6 14. Nd4 Nxd4 15. cxd4 Bb4 16. Bd2 Bxd2 17. Qxd2 f5 18. exf5 Bxf5 19. Ng3 Bg4 20. h3 1-0

[Event "GER-ch Net qual1 U25"]
[Site "Playchess.com INT"]
[Date "2011.05.01"]
[Round "2"]
[White "Fichtner, Ewald"]
[Black "Kalley, Felix"]
[Result "0-1"]
[WhiteElo "1838"]
[BlackElo "1479"]
[PlyCount "56"]
[EventDate "2011.05.01"]
[EventType "swiss (blitz)"]
[EventRounds "7"]
[EventCountry "GER"]
[SourceTitle "CBM 142 Extra"]
[Source "ChessBase"]
[SourceDate "2011.06.27"]
[SourceVersion "1"]
[SourceVersionDate "2011.06.27"]
[SourceQuality "1"]

1. d4 d5 2. c4 dxc4 3. e3 Nf6 4. Nf3 e6 5. Bxc4 Be7 6. 0-0 0-0 7. Nc3 c5 8. a3 Nbd7 9. dxc5 Nxc5 10. b4 Nce4 11. Bb2 Qc7 12. Be2 Nxc3 13. Rc1 Nxe2+ 14. Qxe2 Qb6 15. Bd4 Qa6 16. Qb2 Bd7 17. Rc7 Bd6 18. Bxf6 Bxc7 19. Bxg7 Rfe8 20. Rc1 Rac8 21. Bh8 e5 22. Rxc7 Rxc7 23. Nxe5 f6 24. b5 Qxb5 25. Qa2+ Be6 26. Qa1 Qxe5 27. Bxf6 Qxa1+ 28. Bxa1 Rc1# 0-1

[Event "GER-ch Net qual1 U25"]
[Site "Playchess.com INT"]
[Date "2011.05.01"]
[Round "1"]
[White "Kalley, Felix"]
[Black "Rempeli, Alexander"]
[Result "0-1"]
[WhiteElo "1479"]
[BlackElo "2180"]
[PlyCount "58"]
[EventDate "2011.05.01"]
[EventType "swiss (blitz)"]
[EventRounds "7"]
[EventCountry "GER"]
[SourceTitle "CBM 142 Extra"]
[Source "ChessBase"]
[SourceDate "2011.06.27"]
[SourceVersion "1"]
[SourceVersionDate "2011.06.27"]
[SourceQuality "1"]

1. e4 c5 2. Nf3 e6 3. d4 cxd4 4. Nxd4 Nf6 5. Nc3 Nc6 6. Bc4 Bb4 7. Nxc6 bxc6 8. e5 Nd5 9. Bxd5 cxd5 10. Bd2 Ba6 11. a3 Be7 12. b4 0-0 13. b5 Bb7 14. 0-0 Qc7 15. f4 Rac8 16. Ra2 d4 17. Ne2 Bc5 18. Kh1 Bd5 19. Ra1 Qb7 20. Rg1 d3 21. cxd3 Bxg1 22. Qxg1 Qxb5 23. Nc3 Qxd3 24. Nxd5 Qxd5 25. Bb4 Rfd8 26. Qxa7 Rc2 27. Rg1 Rdc8 28. Qe3 h5 29. h3 Rb2 0-1

[Event "Nittenau-ch 10th"]
[Site "Nittenau"]
[Date "2010.09.19"]
[Round "4"]
[White "Preischl, Manfred"]
[Black "Kalley, Felix"]
[Result "0-1"]
[WhiteElo "1456"]
[BlackElo "1661"]
[PlyCount "98"]
[EventDate "2010.09.17"]
[EventType "swiss"]
[EventRounds "5"]
[EventCountry "GER"]
[SourceTitle "EXT 2022"]
[Source "ChessBase"]
[SourceDate "2021.10.06"]
[SourceVersion "1"]
[SourceVersionDate "2021.10.06"]
[SourceQuality "1"]

1. c4 c5 2. Nc3 b6 3. Nf3 Bb7 4. g3 Nf6 5. Bg2 d6 6. 0-0 e6 7. d4 cxd4 8. Qxd4 Be7 9. e4 a6 10. Be3 Nbd7 11. h3 Qc7 12. Nd2 Nc5 13. Bg5 h6 14. Bxf6 Bxf6 15. Qe3 Rc8 16. f4 Nd7 17. Kh2 0-0 18. Rad1 Qc5 19. Qxc5 Nxc5 20. Nb3 Bxc3 21. bxc3 Bxe4 22. Rxd6 Bxg2 23. Kxg2 Na4 24. c5 bxc5 25. Rxa6 c4 26. Rxa4 cxb3 27. axb3 Rxc3 28. Rb1 Rd8 29. Rc4 Rd2+ 30. Kf1 Rxg3 31. Rc8+ Kh7 32. b4 Rxh3 33. Kg1 Rg3+ 34. Kh1 Rd4 35. b5 Rxf4 36. Kh2 Rgg4 37. b6 Rb4 38. Rxb4 Rxb4 39. Rc6 Rb3 40. Kg2 Kg6 41. Rd6 Kf6 42. Rc6 h5 43. Kh2 g5 44. Kg2 h4 45. Kh2 g4 46. Kg2 Rb2+ 47. Kh1 h3 48. Kg1 g3 49. Kf1 h2 0-1

[Event "Oberpfalz-ch M3"]
[Site "Roding"]
[Date "2010.03.30"]
[Round "8"]
[White "Kalley, Felix"]
[Black "Strasser, Karl Heinz"]
[Result "0-1"]
[WhiteElo "1492"]
[BlackElo "1517"]
[PlyCount "30"]
[EventDate "2010.03.27"]
[EventType "swiss"]
[EventRounds "8"]
[EventCountry "GER"]
[SourceTitle "EXT 2012"]
[Source "ChessBase"]
[SourceDate "2011.11.24"]
[SourceVersion "1"]
[SourceVersionDate "2011.11.24"]
[SourceQuality "1"]

1. e4 c6 2. d4 d5 3. exd5 cxd5 4. Bd3 Nc6 5. c3 e5 6. dxe5 Nxe5 7. Bb5+ Nc6 8. Bf4 Be6 9. Nf3 Bd6 10. Qd4 Nf6 11. Bg5 Be7 12. 0-0 0-0 13. Qd1 Ng4 14. Bxe7 Nxe7 15. Nd4 Qd6 0-1

[Event "Oberpfalz-ch M3"]
[Site "Roding"]
[Date "2010.03.28"]
[Round "4"]
[White "Schmid, Alexander1111"]
[Black "Kalley, Felix"]
[Result "1/2-1/2"]
[WhiteElo "1410"]
[BlackElo "1492"]
[PlyCount "37"]
[EventDate "2010.03.27"]
[EventType "swiss"]
[EventRounds "8"]
[EventCountry "GER"]
[SourceTitle "EXT 2012"]
[Source "ChessBase"]
[SourceDate "2011.11.24"]
[SourceVersion "1"]
[SourceVersionDate "2011.11.24"]
[SourceQuality "1"]

1. e4 c5 2. Nf3 e6 3. d4 cxd4 4. Nxd4 a6 5. Nc3 Qc7 6. Be3 Nf6 7. Bd3 Be7 8. f4 d6 9. Qd2 Nbd7 10. 0-0-0 b5 11. Bxb5 axb5 12. Ndxb5 Qb8 13. Nxd6+ Bxd6 14. Qxd6 Qxd6 15. Rxd6 Ke7 16. Rhd1 Bb7 17. a4 Nd5 18. Nxd5+ exd5 19. e5 1/2-1/2

[Event "Oberpfalz-ch M3"]
[Site "Roding"]
[Date "2010.03.27"]
[Round "2"]
[White "Oberberger, Karl"]
[Black "Kalley, Felix"]
[Result "0-1"]
[WhiteElo "1400"]
[BlackElo "1492"]
[PlyCount "66"]
[EventDate "2010.03.27"]
[EventType "swiss"]
[EventRounds "8"]
[EventCountry "GER"]
[SourceTitle "EXT 2012"]
[Source "ChessBase"]
[SourceDate "2011.11.24"]
[SourceVersion "1"]
[SourceVersionDate "2011.11.24"]
[SourceQuality "1"]

1. d4 d5 2. Nc3 e6 3. e4 dxe4 4. Nxe4 Nf6 5. Bg5 Be7 6. Bxf6 Bxf6 7. Nf3 0-0 8. c3 b6 9. Bd3 Bb7 10. Qe2 Nd7 11. 0-0-0 Qe7 12. h4 c5 13. Bc2 cxd4 14. Nxd4 Bxd4 15. Rxd4 Nf6 16. Rhd1 Rad8 17. Nxf6+ Qxf6 18. Qd3 Qh6+ 19. Kb1 Rxd4 20. Qxd4 Bxg2 21. Qa4 Qf6 22. Qxa7 Qxf2 23. Qa4 Bf3 24. Qf4 Qg2 25. Rc1 Qg4 26. Qh2 Be4 27. Rg1 Bxc2+ 28. Kxc2 Qe4+ 29. Kc1 Qe3+ 30. Kc2 Rd8 31. Rd1 Qe4+ 32. Kc1 Rxd1+ 33. Kxd1 Qb1+ 0-1